000 00783cam a22002657a 4500
003 CHAP
005 20220329140544.0
008 971013s1941 r 00010 d
010 _a53840
011 _a54812
035 _a58964
040 _cCHAP
082 _a338.17351
_bR8
100 0 0 _aRulfo, Juan M.
_9100831
245 1 3 _aEl futuro del algodón mexicano
260 _aMéxico, D. F. :
_bDirección de Economía Rural,
_c1941
300 _ap. 178-364
590 _aBATCH-UPD
_b10
_c20130110
_lUCH01
_h0647
590 _aBATCH-UPD
_b10
_c20130410
_lUCH01
_h0331
590 _aCONVERSION
_b10
_c20130109
_lUCH01
_h1329
650 1 4 _aAlgodon
_xAspectos economicos
_xMexico.
_93974
901 _aBK
942 _cLIBRO
949 _a338.17351 R8
_bBC
_cLIBRO
_d-127725
_eLIBRO
_i58964
_si
999 _c53840
_d53840